| 000 | 00392pam a2200169 a 4500 | ||
|---|---|---|---|
| 020 | _c | ||
| 041 | _h | ||
| 082 | _bHOU | ||
| 100 | _aHOULETE F. | ||
| 245 |
_aSQL A BEGINNER GUIDE/ _hTextual Documents |
||
| 250 | _a01-01-2001. | ||
| 260 | _bTATA MC GRAW HILL PUB. CO.LTD. NEW DELHI-110 008 | ||
| 300 | _aXXIII/424 | ||
| 500 | _a3209 | ||
| 653 | _aINDUSTRIAL MANAGEMENT | ||
| 930 | _a2917 | ||
| 999 |
_c46142 _d46142 |
||